| 000 | 01243nam a2200277 i 4500 | ||
|---|---|---|---|
| 001 | 157982 | ||
| 003 | ES-MaACL | ||
| 005 | 20250904063103.0 | ||
| 008 | 990224s1832 sp |||| | spa d | ||
| 080 | _a343.81/.82(4) | ||
| 080 | _a343.81/.82(73) | ||
| 100 | 1 |
_aLópez, Marcial Antonio, _dm.1875 _9150593 |
|
| 245 | 1 | 0 |
_aDescripción de los más célebres establecimientos penales de Europa y los Estados Unidos _b: seguida de la aplicación práctica de sus principios y régimen interior a las casas de corrección / _cpor Marcial Antonio López. |
| 260 |
_aValencia : _b[s.n.], _c1832 ( _fImp. de Benito Monfort) |
||
| 300 |
_a2 t. en 1 v. (XVIII, 289; 351 p.) ; _c21 cm. |
||
| 530 | _aDisponible en formato digital. | ||
| 597 | _aAntep. | ||
| 650 | 4 |
_aEstablecimientos penitenciarios- _zEuropa. _9150594 |
|
| 650 | 4 |
_aEstablecimientos penitenciarios- _zEstados Unidos. _912516 |
|
| 650 |
_aDerecho penitenciario- _zEuropa. _9150595 |
||
| 650 |
_aDerecho penitenciario- _zEstados Unidos. _9150596 |
||
| 852 |
_aES-MaACL _jD-444 _z- Enc. pasta |
||
| 852 |
_aES-MaACL _jD-298 _z.- Donativo Lastres |
||
| 856 |
_uhttp://bdh-rd.bne.es/viewer.vm?id=0000048711&page=1 _zBiblioteca Digital Hispánica |
||
| 999 |
_c157982 _d157982 |
||